|
|
|
|
| LEADER |
01184nam a2200265 a 4500 |
| 001 |
4055193 |
| 008 |
120109r20001950 ii a 001 0 eng d |
| 035 |
|
|
|9 (DLC) 49003753
|
| 010 |
|
|
|a 49003753
|
| 040 |
|
|
|a DLC
|c DLC
|d DLC
|d BD-DhAAL
|
| 082 |
0 |
0 |
|a 301
|
| 100 |
1 |
|
|a MacIver, Robert M.
|q (Robert Morrison),
|d 1882-1970.
|
| 245 |
1 |
0 |
|a Society;
|b an introductory analysis,
|c by R. M. MacIver and Charles H. Page.
|
| 260 |
|
|
|a New Delhi :
|b Macmillan India limited,
|c 1950.[reprinted 2000]
|
| 300 |
|
|
|a xvii, 697 p.
|b diagrs.
|c 24 cm.
|
| 500 |
|
|
|a "A rewriting, with considerable additions, of the earlier text by R. M. MacIver."
|
| 500 |
|
|
|a "Notes on further reading": p. 636-673.
|
| 500 |
|
|
|a Includes index.
|
| 541 |
1 |
|
|e 00008160
|
| 650 |
|
0 |
|a Sociology.
|
| 700 |
1 |
|
|a Page, Charles Hunt,
|d 1909-
|e joint author.
|
| 852 |
1 |
|
|a Ayesha Abed library
|c General Shelf
|
| 999 |
|
|
|c 11731
|d 11731
|
| 952 |
|
|
|0 0
|1 0
|2 ddc
|4 0
|6 301_MAC
|7 0
|9 19084
|a BRACUL
|b BRACUL
|c GEN
|d 2012-01-09
|l 2
|m 1
|o 301 MAC
|p 3010008160
|r 2023-03-25
|s 2023-03-23
|t 1
|w 2012-01-09
|y BK
|
| 952 |
|
|
|0 0
|1 0
|2 ddc
|4 0
|6 301_MAC
|7 0
|9 19085
|a BRACUL
|b BRACUL
|c GEN
|d 2012-01-09
|l 2
|m 6
|o 301 MAC
|p 3010008159
|r 2022-09-26
|s 2022-09-08
|t 2
|w 2012-01-09
|y BK
|